<?xml version="1.0" encoding="UTF-8"?>
<record
    xmlns:xsi="http://www.w3.org/2001/XMLSchema-instance"
    xsi:schemaLocation="http://www.loc.gov/MARC21/slim http://www.loc.gov/standards/marcxml/schema/MARC21slim.xsd"
    xmlns="http://www.loc.gov/MARC21/slim">

  <leader>00873cam a22002411  4500</leader>
  <controlfield tag="001">ca 31000425 </controlfield>
  <controlfield tag="003">DLC</controlfield>
  <controlfield tag="005">20260227111125.0</controlfield>
  <controlfield tag="008">850617s1895    fr            100 0 eng  </controlfield>
  <datafield tag="010" ind1=" " ind2=" ">
    <subfield code="a">ca 31000425 </subfield>
  </datafield>
  <datafield tag="035" ind1=" " ind2=" ">
    <subfield code="a">(OCoLC)12168183</subfield>
  </datafield>
  <datafield tag="040" ind1=" " ind2=" ">
    <subfield code="a">DLC</subfield>
    <subfield code="c">DSI</subfield>
    <subfield code="d">DLC</subfield>
  </datafield>
  <datafield tag="050" ind1="0" ind2="0">
    <subfield code="a">QL353</subfield>
    <subfield code="b">.I7 1889c</subfield>
  </datafield>
  <datafield tag="082" ind1=" " ind2=" ">
    <subfield code="a">590.1</subfield>
  </datafield>
  <datafield tag="111" ind1="2" ind2=" ">
    <subfield code="a">International Congress of Zoology.</subfield>
    <subfield code="n">1st,</subfield>
    <subfield code="c">Paris,</subfield>
    <subfield code="d">1889.</subfield>
  </datafield>
  <datafield tag="245" ind1="1" ind2="0">
    <subfield code="a">R&#xE9;gles de la nomenclature des &#xEA;tres organis&#xE9;s,</subfield>
    <subfield code="c">adopt&#xE9;es par les Congr&#xE9;s internationaux de zoologie (Paris, 1889; Moscou, 1892)</subfield>
  </datafield>
  <datafield tag="260" ind1=" " ind2=" ">
    <subfield code="a">Paris,</subfield>
    <subfield code="b">Soci&#xE9;t&#xE9; zoologique de France,</subfield>
    <subfield code="c">1895.</subfield>
  </datafield>
  <datafield tag="300" ind1=" " ind2=" ">
    <subfield code="a">16 p.</subfield>
    <subfield code="c">25 cm.</subfield>
  </datafield>
  <datafield tag="500" ind1=" " ind2=" ">
    <subfield code="a">Introduction signed: Dr. Raphael Blanchard.</subfield>
  </datafield>
  <datafield tag="650" ind1=" " ind2="0">
    <subfield code="a">Animals</subfield>
    <subfield code="v">Nomenclature.</subfield>
  </datafield>
  <datafield tag="711" ind1="2" ind2=" ">
    <subfield code="a">International Congress of Zoology.</subfield>
    <subfield code="n">2d,</subfield>
    <subfield code="c">Moscow,</subfield>
    <subfield code="d">1892.</subfield>
  </datafield>
  <datafield tag="700" ind1="1" ind2=" ">
    <subfield code="a">Blanchard, Rapha&#xEB;l Anatole &#xC9;mile,</subfield>
    <subfield code="d">1857-1919.</subfield>
  </datafield>
  <datafield tag="999" ind1=" " ind2=" ">
    <subfield code="c">16804</subfield>
    <subfield code="d">16804</subfield>
  </datafield>
</record>
